Kríza a oživenie v ekonomike SR

Problematika výkonnosti SR v podmienkach hospodárskej krízy. Analýza predpokladaného priebehu recesie a následného oživenia ekonomiky. Komparácia výsledkov oproti trendu z predkrízového obdobia. Budúci vývoj HDP bude závisieť od plnenia finančného a rozpočtového plánu vlády a priebehu dlhovej krízy...

Descripción completa

Guardado en:
Detalles Bibliográficos
Autor principal: Trnovský, Karol, 1983-
Formato: Capítulo de libro
Lenguaje:eslovaco
Materias:
Etiquetas: Agregar Etiqueta
Sin Etiquetas, Sea el primero en etiquetar este registro!

MARC

LEADER 00000nla$a2200000$$$4500
001 0145001
005 20240502072613.6
041 0 |a slo 
044 |a SK 
245 1 0 |a Kríza a oživenie v ekonomike SR  |c Karol Trnovský 
520 |a Problematika výkonnosti SR v podmienkach hospodárskej krízy. Analýza predpokladaného priebehu recesie a následného oživenia ekonomiky. Komparácia výsledkov oproti trendu z predkrízového obdobia. Budúci vývoj HDP bude závisieť od plnenia finančného a rozpočtového plánu vlády a priebehu dlhovej krízy v Európe. 
610 2 0 |a kríza hospodárska 
610 2 0 |a recesia 
610 2 0 |a dlhy verejné 
610 2 0 |a zadlženosť 
610 2 0 |a situácia hospodárska 
610 2 0 |a výkonnosť ekonomiky 
610 2 0 |a oživenie 
610 2 0 |a Slovensko 
100 1 |a Trnovský, Karol, 1983-